[Event "Gatineau op-A"]
[Site "Gatineau CAN"]
[Date "2012.03.04"]
[Round "4"]
[White "Cossette, Daniel"]
[Black "Martin, Spencer"]
[Result "1-0"]
[WhiteElo "1983"]
[BlackElo "1912"]
[PlyCount "91"]
[GameId "2160767909576129"]
[EventDate "2012.03.02"]
[EventType "swiss"]
[EventRounds "5"]
[EventCountry "CAN"]
[SourceTitle "EXT 2022"]
[Source "ChessBase"]
[SourceDate "2021.10.06"]
[SourceVersion "1"]
[SourceVersionDate "2021.10.06"]
[SourceQuality "1"]

1. e4 e5 2. Nf3 Nc6 3. d4 exd4 4. c3 Nf6 5. e5 Ne4 6. Qe2 Nc5 7. cxd4 Na6 8. Nc3 Bb4 9. Qc2 d6 10. Bb5 dxe5 11. Bxc6+ bxc6 12. dxe5 Nc5 13. O-O Qd3 14. Qxd3 Nxd3 15. Rd1 Ba6 16. Ne4 Nxc1 17. Rdxc1 Bd3 18. Ng3 O-O 19. Rxc6 Ba5 20. Rd1 Rfd8 21. h3 Bb6 22. Rc3 Ba6 23. Rcc1 h6 24. b4 Bb5 25. Rd2 Rxd2 26. Nxd2 Re8 27. Nf3 Rd8 28. Re1 Kf8 29. e6 Re8 30. exf7 Rxe1+ 31. Nxe1 Kxf7 32. Nf1 a5 33. bxa5 Bxa5 34. Nc2 c5 35. Nfe3 Ke6 36. f4 Bd3 37. Kf2 Bd2 38. Kf3 Bc1 39. g4 g6 40. h4 Kf6 41. a4 Bd2 42. Na3 Be1 43. Nac4 h5 44. gxh5 gxh5 45. a5 Bxa5 46. Nxa5 1-0

[Event "Gatineau op-A"]
[Site "Gatineau CAN"]
[Date "2012.03.04"]
[Round "4"]
[White "Danilov, Alex"]
[Black "Sadeghi, Saeid"]
[Result "0-1"]
[WhiteElo "1680"]
[BlackElo "2051"]
[PlyCount "76"]
[GameId "2160767909576130"]
[EventDate "2012.03.02"]
[EventType "swiss"]
[EventRounds "5"]
[EventCountry "CAN"]
[SourceTitle "EXT 2022"]
[Source "ChessBase"]
[SourceDate "2021.10.06"]
[SourceVersion "1"]
[SourceVersionDate "2021.10.06"]
[SourceQuality "1"]

1. c4 c5 2. Nf3 Nc6 3. Nc3 Nf6 4. g3 g6 5. Bg2 Bg7 6. d3 O-O 7. O-O d6 8. e3 Bg4 9. h3 Bd7 10. a3 a6 11. Qc2 Rb8 12. b3 b5 13. cxb5 axb5 14. Bb2 b4 15. axb4 Nxb4 16. Qe2 Bf5 17. e4 Be6 18. Nd2 Nc2 19. Ra7 Nd4 20. Qd1 Nxb3 21. Nd5 Bxd5 22. exd5 Qb6 23. Ra2 Nxd2 24. Qxd2 Qb3 25. Ba1 Qb7 26. Re1 Rfe8 27. Qg5 h6 28. Qf4 Nxd5 29. Qf3 e6 30. g4 Qb4 31. Qd1 Bxa1 32. Qxa1 Qc3 33. Qd1 Nf4 34. Rc2 Qf6 35. Qf3 Kg7 36. Re4 Nxg2 37. Qxg2 Rb1+ 38. Kh2 Rb2 0-1

[Event "Gatineau op-A"]
[Site "Gatineau CAN"]
[Date "2012.03.04"]
[Round "4"]
[White "Forget, David"]
[Black "Wan, Kevin"]
[Result "1-0"]
[WhiteElo "1888"]
[BlackElo "1785"]
[PlyCount "65"]
[GameId "2160767909576131"]
[EventDate "2012.03.02"]
[EventType "swiss"]
[EventRounds "5"]
[EventCountry "CAN"]
[SourceTitle "EXT 2022"]
[Source "ChessBase"]
[SourceDate "2021.10.06"]
[SourceVersion "1"]
[SourceVersionDate "2021.10.06"]
[SourceQuality "1"]

1. d4 d5 2. c4 e6 3. Nc3 Nf6 4. Bg5 c6 5. e3 Bd6 6. cxd5 exd5 7. Bd3 O-O 8. Nf3 Nbd7 9. O-O Re8 10. Qc2 h6 11. Bh4 Qc7 12. Rfc1 a6 13. a3 Rb8 14. b4 b6 15. Bf5 g5 16. Bg3 Bxg3 17. hxg3 Nf8 18. Bxc8 Rbxc8 19. Na4 N8d7 20. Rab1 b5 21. Nc5 Nxc5 22. dxc5 Nd7 23. Nd4 Ne5 24. Nf5 Re6 25. Qc3 f6 26. Nxh6+ Kh8 27. Nf5 Rf8 28. Kf1 Nc4 29. Ke2 Re5 30. Rh1+ Kg8 31. g4 Rfe8 32. Rh3 R5e6 33. Rbh1 1-0

[Event "Gatineau op-A"]
[Site "Gatineau CAN"]
[Date "2012.03.04"]
[Round "4"]
[White "Lebrun, Roger"]
[Black "Donev, Danail"]
[Result "1/2-1/2"]
[WhiteElo "1942"]
[BlackElo "1922"]
[PlyCount "115"]
[GameId "2160767909576132"]
[EventDate "2012.03.02"]
[EventType "swiss"]
[EventRounds "5"]
[EventCountry "CAN"]
[SourceTitle "EXT 2022"]
[Source "ChessBase"]
[SourceDate "2021.10.06"]
[SourceVersion "1"]
[SourceVersionDate "2021.10.06"]
[SourceQuality "1"]

1. e4 e5 2. f4 exf4 3. Nf3 d5 4. exd5 Nf6 5. Bb5+ Bd7 6. Bc4 b5 7. Qe2+ Be7 8. Bxb5 O-O 9. O-O Nxd5 10. Bxd7 Nxd7 11. Nc3 Nxc3 12. bxc3 Bf6 13. Re1 c5 14. Rb1 g5 15. Qd3 g4 16. Rb7 Nb6 17. Qxd8 Raxd8 18. Ne5 Rfe8 19. d4 cxd4 20. Bxf4 Nc4 21. Nd3 Rxe1+ 22. Nxe1 dxc3 23. Nd3 Bd4+ 24. Kf1 Ne3+ 25. Bxe3 Bxe3 26. Ke2 Bb6 27. Re7 Kg7 28. a4 Kf6 29. Re4 Kg5 30. a5 Bd4 31. Nb4 Bf6 32. Nd3 Rd5 33. a6 Ra5 34. Nb4 h5 35. Kd3 h4 36. h3 gxh3 37. gxh3 Ra1 38. Rc4 Rh1 39. Rc7 Rxh3+ 40. Kc4 Rg3 41. Rxa7 Rg4+ 42. Kb3 Bd4 43. Rxf7 h3 44. Nc6 Bg1 45. Rg7+ Kf4 46. Rh7 Kg3 47. a7 Bxa7 48. Rxh3+ Kxh3 49. Nxa7 Kg3 50. Kxc3 Kf3 51. Kb3 Ke3 52. Nb5 Rg5 53. Kb4 Kd2 54. c4 Kd3 55. c5 Rg4+ 56. Ka5 Rc4 57. Kb6 Rxc5 58. Kxc5 1/2-1/2

[Event "Gatineau op-A"]
[Site "Gatineau CAN"]
[Date "2012.03.04"]
[Round "4"]
[White "Libersan, Mattieu"]
[Black "Gagnon, Serge"]
[Result "0-1"]
[WhiteElo "1882"]
[BlackElo "2025"]
[PlyCount "38"]
[GameId "2160767909576133"]
[EventDate "2012.03.02"]
[EventType "swiss"]
[EventRounds "5"]
[EventCountry "CAN"]
[SourceTitle "EXT 2022"]
[Source "ChessBase"]
[SourceDate "2021.10.06"]
[SourceVersion "1"]
[SourceVersionDate "2021.10.06"]
[SourceQuality "1"]

1. e4 d6 2. d4 Nf6 3. Nc3 e5 4. Nf3 Nbd7 5. Bc4 exd4 6. Qxd4 Be7 7. Bxf7+ Kxf7 8. Ng5+ Kg6 9. Ne6 Qg8 10. Nf4+ Kf7 11. Qc4+ Ke8 12. Qxc7 Nc5 13. Be3 Qc4 14. Nfd5 Nxd5 15. Nxd5 Qxe4 16. O-O-O Bf5 17. Qxe7+ Qxe7 18. Nxe7 Kxe7 19. Rhe1 Ne6 0-1

[Event "Gatineau op-A"]
[Site "Gatineau CAN"]
[Date "2012.03.04"]
[Round "4"]
[White "Palsson, Halldor"]
[Black "Doubleday, William"]
[Result "0-1"]
[WhiteElo "2004"]
[BlackElo "2045"]
[PlyCount "120"]
[GameId "2160767909576134"]
[EventDate "2012.03.02"]
[EventType "swiss"]
[EventRounds "5"]
[EventCountry "CAN"]
[SourceTitle "EXT 2022"]
[Source "ChessBase"]
[SourceDate "2021.10.06"]
[SourceVersion "1"]
[SourceVersionDate "2021.10.06"]
[SourceQuality "1"]

1. d4 d5 2. Nf3 Nf6 3. c4 e6 4. Nc3 c6 5. cxd5 exd5 6. Bg5 Be7 7. e3 Bf5 8. Bd3 Bxd3 9. Qxd3 Nbd7 10. O-O O-O 11. Rab1 Re8 12. b4 a6 13. a4 Ne4 14. Bxe7 Qxe7 15. Rfc1 Nd6 16. b5 axb5 17. axb5 Ra3 18. bxc6 bxc6 19. Qc2 Rea8 20. Nd2 g6 21. Nd1 R8a6 22. Nb2 Ra2 23. Qd1 Nb5 24. Nd3 Qa3 25. Nb3 Kg7 26. Qe1 Ra4 27. Rxc6 Rc4 28. Rxc4 dxc4 29. Nbc1 Rc2 30. Nb4 Rb2 31. Rxb2 Qxb2 32. Kf1 Nc3 33. Nc6 Nf6 34. Ne5 Nfe4 35. f3 Nd2+ 36. Kg1 Qxc1 37. Qxc1 Ne2+ 38. Kf2 Nxc1 39. Ke1 c3 40. Kd1 Ncb3 41. Kc2 Na5 42. Kxc3 Nf1 43. e4 f6 44. Nd3 Kf7 45. Kb4 Nb7 46. Kb5 Ke7 47. Kc6 Nd8+ 48. Kb5 Nxh2 49. d5 Nf1 50. Kb6 Ne3 51. Kc7 Nf7 52. g4 Nc4 53. f4 h5 54. g5 fxg5 55. e5 gxf4 56. d6+ Ncxd6 57. exd6+ Nxd6 58. Nxf4 Ne8+ 59. Kc6 Kf6 60. Kd5 Kf5 0-1

[Event "Gatineau op-A"]
[Site "Gatineau CAN"]
[Date "2012.03.04"]
[Round "4"]
[White "Upper, John"]
[Black "Hamilton, Robert"]
[Result "1/2-1/2"]
[WhiteElo "2233"]
[BlackElo "2319"]
[PlyCount "44"]
[GameId "2160767909576135"]
[EventDate "2012.03.02"]
[EventType "swiss"]
[EventRounds "5"]
[EventCountry "CAN"]
[SourceTitle "EXT 2022"]
[Source "ChessBase"]
[SourceDate "2021.10.06"]
[SourceVersion "1"]
[SourceVersionDate "2021.10.06"]
[SourceQuality "1"]

1. d4 Nf6 2. c4 e6 3. Nf3 b6 4. g3 Ba6 5. Nbd2 c5 6. Bg2 Nc6 7. dxc5 bxc5 8. O-O Qc7 9. b3 Rd8 10. e4 d6 11. Bb2 Be7 12. Re1 O-O 13. e5 dxe5 14. Nxe5 Bb7 15. Nxc6 Bxc6 16. Bxc6 Qxc6 17. Qf3 Rc8 18. Qxc6 Rxc6 19. Kf1 Rd8 20. Ke2 Kf8 21. Red1 Nd7 22. Ne4 f6 1/2-1/2

[Event "Gatineau op-A"]
[Site "Gatineau CAN"]
[Date "2012.03.04"]
[Round "5"]
[White "Cossette, Daniel"]
[Black "Upper, John"]
[Result "0-1"]
[WhiteElo "1983"]
[BlackElo "2233"]
[PlyCount "74"]
[GameId "2160767909576136"]
[EventDate "2012.03.02"]
[EventType "swiss"]
[EventRounds "5"]
[EventCountry "CAN"]
[SourceTitle "EXT 2022"]
[Source "ChessBase"]
[SourceDate "2021.10.06"]
[SourceVersion "1"]
[SourceVersionDate "2021.10.06"]
[SourceQuality "1"]

1. e4 e6 2. d4 d5 3. Nc3 Nf6 4. e5 Nfd7 5. f4 c5 6. Nf3 Nc6 7. Be3 a6 8. Qd2 b5 9. Qf2 b4 10. Ne2 Qa5 11. Nc1 cxd4 12. Nxd4 Nxd4 13. Bxd4 Qc7 14. Nd3 Be7 15. Rc1 O-O 16. Be2 a5 17. O-O Ba6 18. f5 exf5 19. Qxf5 Nc5 20. Kh1 g6 21. Qf3 Ne4 22. Be3 Bb7 23. Bh6 Bg5 24. Bxf8 Rxf8 25. e6 f5 26. Nf4 Nd2 27. Qg3 Ne4 28. Qe3 d4 29. Qb3 Nd2 30. Qg3 Ne4 31. Qf3 Re8 32. Bb5 Nc3 33. Qd3 Nxb5 34. Qxb5 Bc6 35. Nd5 Qd6 36. Nf6+ Bxf6 37. Qxa5 Ra8 0-1

[Event "Gatineau op-A"]
[Site "Gatineau CAN"]
[Date "2012.03.04"]
[Round "5"]
[White "Donev, Danail"]
[Black "Libersan, Mattieu"]
[Result "1-0"]
[WhiteElo "1922"]
[BlackElo "1882"]
[PlyCount "83"]
[GameId "2160767909576137"]
[EventDate "2012.03.02"]
[EventType "swiss"]
[EventRounds "5"]
[EventCountry "CAN"]
[SourceTitle "EXT 2022"]
[Source "ChessBase"]
[SourceDate "2021.10.06"]
[SourceVersion "1"]
[SourceVersionDate "2021.10.06"]
[SourceQuality "1"]

1. e4 e5 2. Nf3 f5 3. Nxe5 Nc6 4. Nxc6 dxc6 5. d4 Ne7 6. Bc4 fxe4 7. O-O Bf5 8. Nc3 Qd7 9. Re1 O-O-O 10. Nxe4 Qxd4 11. Qxd4 Rxd4 12. Bd3 Nd5 13. Nd6+ Bxd6 14. Bxf5+ Kb8 15. c3 Rh4 16. g3 Rh5 17. Bg4 Re5 18. Bd2 Rhe8 19. Rxe5 Rxe5 20. Re1 Rxe1+ 21. Bxe1 Nf6 22. Be6 b5 23. Kg2 Kb7 24. f4 c5 25. Kf3 c6 26. g4 Nd5 27. Bd2 a5 28. Ke4 Nf6+ 29. Kf5 Nd5 30. Bxd5 cxd5 31. Ke6 Kc6 32. Kf7 b4 33. Kxg7 a4 34. cxb4 cxb4 35. b3 axb3 36. axb3 d4 37. Kxh7 Kd5 38. g5 Ke4 39. g6 Bf8 40. g7 Bxg7 41. Kxg7 Kd3 42. Bxb4 1-0

[Event "Gatineau op-A"]
[Site "Gatineau CAN"]
[Date "2012.03.04"]
[Round "5"]
[White "Hamilton, Robert"]
[Black "Doubleday, William"]
[Result "1-0"]
[WhiteElo "2319"]
[BlackElo "2045"]
[PlyCount "99"]
[GameId "2160767909576138"]
[EventDate "2012.03.02"]
[EventType "swiss"]
[EventRounds "5"]
[EventCountry "CAN"]
[SourceTitle "EXT 2022"]
[Source "ChessBase"]
[SourceDate "2021.10.06"]
[SourceVersion "1"]
[SourceVersionDate "2021.10.06"]
[SourceQuality "1"]

1. d4 d5 2. Nf3 Nf6 3. e3 e6 4. c4 c6 5. Qc2 Bd6 6. Nbd2 Nbd7 7. b3 Qe7 8. Bb2 e5 9. dxe5 Nxe5 10. Be2 O-O 11. O-O Bg4 12. Rfe1 Bh5 13. Nxe5 Bxe5 14. Bxh5 Nxh5 15. cxd5 cxd5 16. Bxe5 Qxe5 17. Nf3 Qe7 18. Rac1 Rad8 19. Nd4 Nf6 20. Qc5 Qxc5 21. Rxc5 Rd7 22. Rec1 g6 23. f3 a6 24. Kf2 Rfd8 25. Ke2 Kf8 26. Kd3 Ke7 27. Rc8 Rxc8 28. Rxc8 Kd6 29. Ne2 h5 30. Kd4 Re7 31. Nc3 Rd7 32. b4 Re7 33. a4 Kd7 34. Rf8 Ke6 35. Rc8 Kd7 36. Rb8 Kc7 37. Rf8 Kd6 38. Rd8+ Kc7 39. Rxd5 Re6 40. Rc5+ Kd7 41. e4 Rd6+ 42. Ke3 Rc6 43. Rxc6 Kxc6 44. Kd4 Nd7 45. Nd5 Kd6 46. f4 f6 47. Nxf6 Nxf6 48. e5+ Ke6 49. exf6 Kxf6 50. Kc5 1-0

[Event "Gatineau op-A"]
[Site "Gatineau CAN"]
[Date "2012.03.04"]
[Round "5"]
[White "Martin, Spencer"]
[Black "Kalra, Agastya"]
[Result "1/2-1/2"]
[WhiteElo "1912"]
[BlackElo "1968"]
[PlyCount "85"]
[GameId "2160767909576139"]
[EventDate "2012.03.02"]
[EventType "swiss"]
[EventRounds "5"]
[EventCountry "CAN"]
[SourceTitle "EXT 2022"]
[Source "ChessBase"]
[SourceDate "2021.10.06"]
[SourceVersion "1"]
[SourceVersionDate "2021.10.06"]
[SourceQuality "1"]

1. e4 c5 2. Nf3 Nc6 3. d3 g6 4. g3 Bg7 5. Bg2 d6 6. O-O e5 7. Nc3 Nge7 8. Ne1 O-O 9. f4 f5 10. Nf3 Rb8 11. Ne2 c4 12. fxe5 Nxe5 13. Nxe5 dxe5 14. Be3 cxd3 15. Qxd3 Qxd3 16. cxd3 b6 17. Rac1 Ba6 18. Rfd1 Rbc8 19. Bg5 Kf7 20. Nc3 Bf6 21. Be3 Rfd8 22. Bf1 Rd7 23. Rc2 fxe4 24. Bh3 Nf5 25. Bxf5 gxf5 26. Rf2 f4 27. Nxe4 fxe3 28. Rxf6+ Kg7 29. Rd6 Rcd8 30. Rxd7+ Rxd7 31. Nc3 Bxd3 32. Re1 e2 33. Nxe2 Bxe2 34. Rxe2 Kf6 35. Kf2 Kf5 36. Ke3 Rd1 37. Rf2+ Ke6 38. Re2 Rd4 39. Rc2 Kd6 40. Rf2 Ke6 41. Rc2 Rd7 42. Ke4 Rd4+ 43. Ke3 1/2-1/2

[Event "Gatineau op-A"]
[Site "Gatineau CAN"]
[Date "2012.03.04"]
[Round "5"]
[White "Wan, Kevin"]
[Black "Lebrun, Roger"]
[Result "0-1"]
[WhiteElo "1785"]
[BlackElo "1942"]
[PlyCount "66"]
[GameId "2160767909576140"]
[EventDate "2012.03.02"]
[EventType "swiss"]
[EventRounds "5"]
[EventCountry "CAN"]
[SourceTitle "EXT 2022"]
[Source "ChessBase"]
[SourceDate "2021.10.06"]
[SourceVersion "1"]
[SourceVersionDate "2021.10.06"]
[SourceQuality "1"]

1. e4 e6 2. d4 d5 3. e5 c5 4. c3 Nc6 5. Nf3 cxd4 6. cxd4 f6 7. exf6 Nxf6 8. Bf4 Bb4+ 9. Nc3 O-O 10. a3 Bxc3+ 11. bxc3 Ne4 12. Rc1 Rxf4 13. g3 Rf8 14. Bg2 Qa5 15. Qb3 Rxf3 16. Bxf3 Nxd4 17. Qd1 Nxc3 18. Qxd4 Na2+ 19. Ke2 Nxc1+ 20. Rxc1 Bd7 21. Kf1 Qxa3 22. Rc3 Qd6 23. Re3 a5 24. Re5 a4 25. Bxd5 exd5 26. Rxd5 Bh3+ 27. Ke1 Re8+ 28. Kd2 Qe6 29. Kc3 Qe1+ 30. Kc4 Bf1+ 31. Kc5 Qa5+ 32. Kd6 Rd8+ 33. Ke7 Qxd5 0-1

[Event "Gatineau op-B"]
[Site "Gatineau CAN"]
[Date "2012.03.02"]
[Round "1"]
[White "Lemieux, Denis"]
[Black "Dagenais, Benoit"]
[Result "0-1"]
[WhiteElo "1382"]
[BlackElo "1702"]
[PlyCount "108"]
[GameId "2160767909575956"]
[EventDate "2012.03.10"]
[EventType "swiss"]
[EventRounds "5"]
[EventCountry "CAN"]
[SourceTitle "EXT 2022"]
[Source "ChessBase"]
[SourceDate "2021.10.06"]
[SourceVersion "1"]
[SourceVersionDate "2021.10.06"]
[SourceQuality "1"]

1. d4 Nf6 2. c4 e5 3. d5 Bc5 4. e3 d6 5. Nc3 O-O 6. Na4 Bb4+ 7. Bd2 Bxd2+ 8. Qxd2 Ne4 9. Qc2 f5 10. Nf3 Na6 11. a3 Bd7 12. Nc3 Nxc3 13. Qxc3 f4 14. e4 Nc5 15. Bd3 a5 16. Bc2 Bg4 17. h3 Bh5 18. O-O-O a4 19. Rde1 Qd7 20. Reg1 b5 21. Nd2 Rab8 22. f3 Rb7 23. Kd1 Rfb8 24. cxb5 Qxb5 25. Nc4 Nb3 26. Bxb3 Qxb3+ 27. Qxb3 Rxb3 28. Kd2 R8b5 29. Rc1 Rc5 30. Rc2 Be8 31. Kc1 Kf8 32. Re1 Ke7 33. Nd2 Rbb5 34. Rxc5 Rxc5+ 35. Kb1 Bb5 36. Ka2 Rc2 37. Nb1 Rxg2 38. Nc3 Bd7 39. Kb1 Rg3 40. Rf1 Bxh3 41. Rf2 Bd7 42. Kc2 h5 43. Ne2 Rg6 44. Kc3 h4 45. b4 Bb5 46. Kd2 Bxe2 47. Kxe2 h3 48. Kf1 Rg3 49. b5 g5 50. Ke2 g4 51. fxg4 Rxa3 52. g5 Ra2+ 53. Kf3 Rxf2+ 54. Kxf2 Kf7 0-1

[Event "Gatineau op-B"]
[Site "Gatineau CAN"]
[Date "2012.03.03"]
[Round "2"]
[White "Best, Garland"]
[Black "Sun, Mike"]
[Result "0-1"]
[WhiteElo "1619"]
[BlackElo "1648"]
[PlyCount "68"]
[GameId "2160767909575957"]
[EventDate "2012.03.10"]
[EventType "swiss"]
[EventRounds "5"]
[EventCountry "CAN"]
[SourceTitle "EXT 2022"]
[Source "ChessBase"]
[SourceDate "2021.10.06"]
[SourceVersion "1"]
[SourceVersionDate "2021.10.06"]
[SourceQuality "1"]

1. e4 c5 2. Nf3 d6 3. d4 cxd4 4. Qxd4 a6 5. c4 Nc6 6. Qd2 Nf6 7. Nc3 g6 8. b3 Bg7 9. Bb2 O-O 10. Be2 Bg4 11. O-O Bxf3 12. Bxf3 Nd7 13. Rad1 Nc5 14. g3 a5 15. Ne2 Bxb2 16. Qxb2 Ne6 17. h4 Ne5 18. Bg2 h5 19. f3 Qb6+ 20. Kh2 Nxc4 21. Qc1 Ne3 22. Nc3 Nxf1+ 23. Rxf1 Rfc8 24. Nd5 Rxc1 25. Nxb6 Rxf1 26. Bxf1 Rd8 27. Nc4 Nd4 28. Kg2 Nc6 29. Kf2 d5 30. Nd2 dxe4 31. Nxe4 Rd1 32. Be2 Ra1 33. Nc3 Rc1 34. Nb5 Rc2 0-1

[Event "Gatineau op-B"]
[Site "Gatineau CAN"]
[Date "2012.03.03"]
[Round "2"]
[White "Carriere, Stephen"]
[Black "Thibault, Mario"]
[Result "0-1"]
[WhiteElo "1228"]
[BlackElo "1776"]
[PlyCount "37"]
[GameId "2160767909575958"]
[EventDate "2012.03.10"]
[EventType "swiss"]
[EventRounds "5"]
[EventCountry "CAN"]
[SourceTitle "EXT 2022"]
[Source "ChessBase"]
[SourceDate "2021.10.06"]
[SourceVersion "1"]
[SourceVersionDate "2021.10.06"]
[SourceQuality "1"]

1. e4 c5 2. Nf3 g6 3. Bc4 Bg7 4. O-O e6 5. Re1 Ne7 6. c3 O-O 7. d4 cxd4 8. cxd4 d5 9. exd5 exd5 10. Bb3 Nbc6 11. h3 Nf5 12. Nc3 Be6 13. Bg5 Qd7 14. Ne5 Nxe5 15. dxe5 h6 16. Bf6 Bxf6 17. exf6 Rad8 18. g4 Nh4 19. Qd2 0-1

[Event "Gatineau op-B"]
[Site "Gatineau CAN"]
[Date "2012.03.03"]
[Round "2"]
[White "Dunne, Francesco"]
[Black "Raymond, Robert"]
[Result "1-0"]
[WhiteElo "1879"]
[BlackElo "1451"]
[PlyCount "31"]
[GameId "2160767909575959"]
[EventDate "2012.03.10"]
[EventType "swiss"]
[EventRounds "5"]
[EventCountry "CAN"]
[SourceTitle "EXT 2022"]
[Source "ChessBase"]
[SourceDate "2021.10.06"]
[SourceVersion "1"]
[SourceVersionDate "2021.10.06"]
[SourceQuality "1"]

1. e4 e5 2. Nf3 Nc6 3. Bb5 a6 4. Ba4 Nf6 5. O-O Be7 6. Qe2 O-O 7. c3 b5 8. Bc2 d6 9. a4 Rb8 10. d4 exd4 11. cxd4 Bg4 12. Rd1 Re8 13. e5 Nd5 14. Qe4 Bxf3 15. Qxh7+ Kf8 16. Qh8# 1-0

[Event "Gatineau op-B"]
[Site "Gatineau CAN"]
[Date "2012.03.03"]
[Round "2"]
[White "Legare, Gilles"]
[Black "Laurin, Marcel"]
[Result "0-1"]
[WhiteElo "1063"]
[BlackElo "1541"]
[PlyCount "80"]
[GameId "2160767909575960"]
[EventDate "2012.03.10"]
[EventType "swiss"]
[EventRounds "5"]
[EventCountry "CAN"]
[SourceTitle "EXT 2022"]
[Source "ChessBase"]
[SourceDate "2021.10.06"]
[SourceVersion "1"]
[SourceVersionDate "2021.10.06"]
[SourceQuality "1"]

1. e4 g6 2. d4 Bg7 3. Nf3 d6 4. Nc3 e6 5. Bd2 Ne7 6. Bg5 h6 7. Be3 g5 8. Be2 Ng6 9. g3 a6 10. e5 dxe5 11. Bd3 f5 12. g4 e4 13. gxf5 exf5 14. Ne5 Nxe5 15. Qh5+ Nf7 16. Bc4 O-O 17. Qg6 Qf6 18. Qxf6 Bxf6 19. Nd5 Bd8 20. h4 c6 21. Nc3 f4 22. Bd2 Bf5 23. O-O-O Kg7 24. Rhg1 Nd6 25. Be2 f3 26. Bf1 Nd7 27. hxg5 Bxg5 28. Bxg5 hxg5 29. Re1 Kf6 30. Nd1 Nb6 31. Ne3 Nd5 32. Ng4+ Bxg4 33. Rxg4 Nf4 34. Re3 Kf5 35. Rg1 Rh8 36. Re1 Rh2 37. Bd3 Re8 38. Bf1 g4 39. Re3 Reh8 40. Rg3 Rxf2 0-1

[Event "Gatineau op-B"]
[Site "Gatineau CAN"]
[Date "2012.03.03"]
[Round "2"]
[White "Simard, Paul"]
[Black "Lemieux, Denis"]
[Result "0-1"]
[WhiteElo "1165"]
[BlackElo "1382"]
[PlyCount "72"]
[GameId "2160767909575961"]
[EventDate "2012.03.10"]
[EventType "swiss"]
[EventRounds "5"]
[EventCountry "CAN"]
[SourceTitle "EXT 2022"]
[Source "ChessBase"]
[SourceDate "2021.10.06"]
[SourceVersion "1"]
[SourceVersionDate "2021.10.06"]
[SourceQuality "1"]

1. Nf3 d5 2. d4 Bf5 3. g3 e6 4. Bg2 Nf6 5. O-O Be7 6. c3 h6 7. Re1 O-O 8. Nbd2 c5 9. Ne5 cxd4 10. cxd4 Nc6 11. Ndf3 Rc8 12. a3 Qb6 13. b4 Rfd8 14. Bf4 Nxe5 15. Nxe5 Rc2 16. e4 Rxf2 17. Kxf2 Nxe4+ 18. Bxe4 Bxe4 19. Be3 f6 20. Ng4 h5 21. Nh6+ gxh6 22. Qxh5 Bf8 23. Qg4+ Kh7 24. Qh5 Bg6 25. Qg4 Bg7 26. Rad1 Rc8 27. Rd2 Rc3 28. Red1 f5 29. Qf3 Rxa3 30. Rb1 f4 31. Qxf4 Bxb1 32. Qf7 Bg6 33. Qe7 Rc3 34. Bf4 Kg8 35. Qe8+ Bxe8 36. Ke1 Qxb4 0-1

[Event "Gatineau op-B"]
[Site "Gatineau CAN"]
[Date "2012.03.03"]
[Round "2"]
[White "Villeneuve, Luc"]
[Black "Scantland, Patrick"]
[Result "0-1"]
[WhiteElo "1601"]
[BlackElo "1713"]
[PlyCount "66"]
[GameId "2160767909575962"]
[EventDate "2012.03.10"]
[EventType "swiss"]
[EventRounds "5"]
[EventCountry "CAN"]
[SourceTitle "EXT 2022"]
[Source "ChessBase"]
[SourceDate "2021.10.06"]
[SourceVersion "1"]
[SourceVersionDate "2021.10.06"]
[SourceQuality "1"]

1. d4 Nf6 2. Nf3 e6 3. e3 d5 4. Bd3 c5 5. b3 Nc6 6. Bb2 a6 7. a3 b5 8. dxc5 Bxc5 9. Nbd2 O-O 10. O-O Re8 11. Re1 e5 12. e4 Bg4 13. exd5 Qxd5 14. Ne4 Rad8 15. Nxf6+ gxf6 16. Be4 Bxf2+ 17. Kf1 Qe6 18. Qe2 Bxe1 19. Qxe1 Nd4 20. Qh4 h5 21. Qg3 Kh8 22. Nh4 Rg8 23. Qe3 Rg5 24. h3 Bf5 25. Nf3 Nxf3 26. Bxf3 Bxc2 27. h4 Rg6 28. Bxh5 Qf5+ 29. Qf3 Qxf3+ 30. Bxf3 Bxb3 31. h5 Rg5 32. Bc1 Rf5 33. Ke1 Bc4 0-1

[Event "Gatineau op-B"]
[Site "Gatineau CAN"]
[Date "2012.03.03"]
[Round "2"]
[White "Yang, Ryan2"]
[Black "Tomalty, Alan"]
[Result "0-1"]
[WhiteElo "1866"]
[BlackElo "1682"]
[PlyCount "65"]
[GameId "2160767909575963"]
[EventDate "2012.03.10"]
[EventType "swiss"]
[EventRounds "5"]
[EventCountry "CAN"]

1. e4 e5 2. Nf3 Nf6 3. Nxe5 d6 4. Nf3 Nxe4 5. d4 d5 6. Bd3 Bd6 7. O-O O-O 8. Nbd2 Bf5 9. Re1 Re8 10. Ng5 Nc6 11. Ndxe4 dxe4 12. Nxf7 Kxf7 13. Qh5+ Bg6 14. Qd5+ Kf8 15. Bc4 Qf6 16. Bg5 Qf7 17. Qb5 Qd7 18. Qxb7 Na5 19. Bb5 Qf5 20. Qa6 Reb8 21. c4 Qxg5 22. c5 Bxc5 23. Qxa5 Bxd4 24. Qxc7 Bxf2+ 25. Kxf2 Qxb5 26. Qd6+ Kg8 27. Qe6+ Kh8 28. b3 Qc5+ 29. Ke2 Rf8 30. Rf1 Qc2+ 31. Ke1 Qc3+ 32. Ke2 Qd3+ 33. Ke1 0-1

[Event "Gatineau op-B"]
[Site "Gatineau CAN"]
[Date "2012.03.03"]
[Round "3"]
[White "Best, Garland"]
[Black "Villeneuve, Luc"]
[Result "0-1"]
[WhiteElo "1619"]
[BlackElo "1601"]
[PlyCount "94"]
[GameId "2160767909575964"]
[EventDate "2012.03.10"]
[EventType "swiss"]
[EventRounds "5"]
[EventCountry "CAN"]
[SourceTitle "EXT 2022"]
[Source "ChessBase"]
[SourceDate "2021.10.06"]
[SourceVersion "1"]
[SourceVersionDate "2021.10.06"]
[SourceQuality "1"]

1. e4 c5 2. Nf3 e6 3. d4 cxd4 4. Nxd4 a6 5. Nc3 Qc7 6. g3 Nf6 7. Bg2 Be7 8. O-O d6 9. Nf3 Nc6 10. Bg5 O-O 11. Re1 Bd7 12. a3 Rac8 13. Rc1 Rfe8 14. Qd2 b5 15. b4 Nxb4 16. Nxb5 axb5 17. axb4 Qc4 18. Bxf6 gxf6 19. Bf1 Qc3 20. Re3 Qxd2 21. Nxd2 d5 22. Rb3 d4 23. f4 e5 24. Nb1 Be6 25. Rb2 Bc4 26. Nd2 Bxf1 27. Kxf1 d3 28. c3 Red8 29. f5 Bf8 30. c4 bxc4 31. Rxc4 Rxc4 32. Nxc4 Rd4 33. Nd2 Bxb4 34. Kf2 Bc5 35. Kf3 Kg7 36. Nb3 Rb4 37. h3 Bd4 38. Rb1 Kf8 39. Nd2 Rxb1 40. Nxb1 Ke7 41. Nd2 Kd6 42. g4 Kc5 43. h4 Kb4 44. g5 Kc3 45. Nf1 Kc2 46. Kg4 d2 47. Nxd2 Kxd2 0-1